000 00443nam a2200181 4500
003 SEACOMMC
005 20231120072429.0
008 231120b |||||||| |||| 00| 0 eng d
020 _cRs.150.00
040 _aSEACOMMC
082 1 _a003.1
_bK14
100 1 _aKalavathy, S.
245 1 _aOperating research
_cS. Kalavathy
250 1 _a2 nd ed.
260 1 _aNew Delhi
_bVikas Publication
650 _aComputer science,Systems
942 _cBOOK
999 _c507
_d507